Grooming (Registro nro. 32818)

Detalles MARC
000 -LEADER
fixed length control field 00427 a2200145 4500
001 - CONTROL NUMBER
control field ART_45677
005 - DATE AND TIME OF LATEST TRANSACTION
control field 20260410162018.0
008 - FIXED-LENGTH DATA ELEMENTS--GENERAL INFORMATION
fixed length control field 260409a
100 1# - MAIN ENTRY--PERSONAL NAME
Personal name Beloff, Mary
245 10 - TITLE STATEMENT
Title Grooming
700 1# - ADDED ENTRY--PERSONAL NAME
Personal name Kierszenbaum, Mariano
700 1# - ADDED ENTRY--PERSONAL NAME
Personal name Terragni, Martiniano
700 1# - ADDED ENTRY--PERSONAL NAME
Personal name Freedman, Diego
773 0# - HOST ITEM ENTRY
Title Temas de derecho de familia, sucesiones y bioética
Related parts - Año 3, Nº 2 (feb. 2018)
Record control number REV41029

No hay ítems disponibles.